Largest Country Sub-Divisions - Statistics

General Stats
  • This quiz has been taken 70 times
  • The average score is 18 of 20
Answer Stats
LARGEST SUB-DIVISION TYPE COUNTRY % Correct
Amazonas State Brazil
100%
Greenland Autonomous Territory Denmark
100%
Bavaria State Germany
100%
England Country United Kingdom
100%
Alaska State United States
100%
Buenos Aires Province Argentina
98%
Western Australia State Australia
98%
Xinjiang Autonomous Region China
98%
Castile and León Autonomous Region Spain
98%
Nunavut Territory Canada
97%
Sicily Region Italy
97%
Hokkaido Prefecture Japan
97%
Chihuahua State Mexico
97%
Rajasthan State India
93%
Sakha / Yakutia Republic Russia
93%
Occitanie Region France
88%
Balochistan Province Pakistan
87%
Northern Cape Province South Africa
85%
Mazovia Voivodeship Poland
72%
New Valley Governorate Egypt
48%
No matching quizzes found
Score Distribution
Percent of People with Each Score
Percentile by Number Answered
Your Score History
You have not taken this quiz